Statistiques concernant Pokémon - Attaques à priorité

Cliquez ici pour prendre le quiz!

Statistiques générales

  • Ce quiz a été pris 74 fois
  • Le résultat moyen est 20 sur 50

Statistiques - réponses

PrioritéType de quizRéponse% Correct
+1EauAqua-Jet
82%
+1NormalVive-Attaque
80%
+1TénèbresCoup Bas
73%
+4NormalAbri
71%
+1CombatMach Punch
71%
+1GlaceEclats Glace
69%
+2NormalVitesse Extrême
69%
+1AcierPisto-Poing
65%
+1SpectreOmbre Portée
61%
+4CombatDétection
57%
+1RocheVif Roc
55%
+3NormalBluff
53%
+2InsecteEscarmouche
53%
+4PoisonBlockhaus
51%
+1CombatOnde Vide
51%
+4AcierBouclier Royal
47%
-5PsyVoile Miroir
47%
-6NormalCyclone
45%
-6NormalHurlement
45%
-5CombatRiposte
45%
-6DragonDraco-Queue
43%
-3CombatMitra-Poing
43%
+4PlantePico-Défense
43%
-4GlaceAvalanche
39%
-7PsyDistorsion
39%
+1NormalPatience
35%
+3RocheGarde Large
33%
+2NormalRuse
33%
-4CombatVendetta
33%
+5NormalCoup d'Main
31%
+2NormalPar Ici
31%
-6PsyTéléport
31%
-3FeuCarapiège
27%
+3CombatPrévention
27%
+1EauSheauriken
24%
-6CombatProjection
22%
+1FéeRegard Touchant
22%
-1CombatCorps Perdu
20%
-3VolBec Canon
18%
+2PsyInterversion
18%
+2InsectePoudre Fureur
18%
+4TénèbresSaisie
18%
+4NormalTénacité
18%
+1ElectrikDéluge Plasmique
16%
+4TénèbresBlocage
14%
+2ElectrikPika-Sprint
14%
+4PsyReflet Magik
14%
+3FéeVigilance
14%
+3NormalProjecteur
12%
+1InsecteNuée de Poudre
10%

Distribution des résultats

Percentile par nombre de réponses

% des personnes avec chaque résultat

Votre développement - résultats

Vous n’avez pas pris ce quiz